| 000 | 01031 a2200229 4500 | ||
|---|---|---|---|
| 001 | 41113 | ||
| 005 | 20260407155705.0 | ||
| 008 | 260407a1999 arg spa d | ||
| 003 | AR-UNSa-BCEJYS | ||
| 040 |
_aAR-UNSa-BCEJYS _bspa _cAR-UNSa-BCEJYS |
||
| 080 |
_a347.453 _xAlquiler. Arrendamiento (Locaciones urbanas) |
||
| 245 | 1 | 0 |
_aLocaciones urbanas _pteoría y práctica |
| 020 | _a950-894-173-1 | ||
| 264 | 1 |
_aBuenos Aires : _bAD-HOC _c1999 |
|
| 300 |
_a218 p. _c23 cm. |
||
| 505 | _a1. Breve reseña sobre las leyes de emergencia en nuestro país - 2. La Ley 23.091 y normas complementarias posteriores - 3. Ley 23.091 - Arts. 6 al 9 - 4. Ley 23.091 - Arts. 10 al 20 - 5. Ley 23.091 - Arts. 21 al 30 - 6. Ley 24.454. Usurpación - 7. Propuestas para destrabar el mercado de locaciones de inmuebles urbanos | ||
| 041 | _aspa | ||
| 942 | _cBK | ||
| 590 | _aniveau_biblio:m niveau_hierar:0 | ||
| 100 | 1 | _aMarchesini, Dardo | |
| 856 | 4 | 1 |
_uhttps://biblioeco.unsa.edu.ar/pmb/images/libros/L126382.jpg _yImagen de portada _qimage/jpeg |
| 999 |
_c3381 _d3381 |
||